header

Nelson Mandela (Record no. 264624)

MARC details
000 -LEADER
fixed length control field 00459nam a22001817a 4500
003 - CONTROL NUMBER IDENTIFIER
control field OSt
005 - DATE AND TIME OF LATEST TRANSACTION
control field 20241018100817.0
008 - FIXED-LENGTH DATA ELEMENTS--GENERAL INFORMATION
fixed length control field 241018b xxu||||| |||| 00| 0 eng d
010 ## - LIBRARY OF CONGRESS CONTROL NUMBER
LC control number 2012025492
020 ## - INTERNATIONAL STANDARD BOOK NUMBER
International Standard Book Number 9780545636162
040 ## - CATALOGING SOURCE
Transcribing agency DLC
050 ## - LIBRARY OF CONGRESS CALL NUMBER
Classification number DT1974
Item number .N457 2013
100 ## - MAIN ENTRY--PERSONAL NAME
Personal name Nelson, Kadir
Relator term Author
245 ## - TITLE STATEMENT
Title Nelson Mandela
Statement of responsibility, etc by Nelson Kadir
260 ## - PUBLICATION, DISTRIBUTION, ETC. (IMPRINT)
Place of publication, distribution, etc New York, USA
Name of publisher, distributor, etc Scholastic, Inc.
Date of publication, distribution, etc 2013
300 ## - PHYSICAL DESCRIPTION
Extent unpaginated
942 ## - ADDED ENTRY ELEMENTS (KOHA)
Source of classification or shelving scheme Library of Congress Classification
Koha item type Long Loan Books
Holdings
Withdrawn status Lost status Source of classification or shelving scheme Damaged status Not for loan Collection code Home library Current library Shelving location Date acquired Total Checkouts Full call number Barcode Date last seen Price effective from Koha item type
    Library of Congress Classification     Non-fiction Rongo University Library Rongo University Library Children's Area 18/10/2024   DT1974 .N457 2013 CL20243651 18/10/2024 18/10/2024 Long Loan Books
    Library of Congress Classification     Non-fiction Rongo University Library Rongo University Library Children's Area 18/10/2024   DT1974 .N457 2013 CL20243652 18/10/2024 18/10/2024 Long Loan Books

© 2026 Rongo University
Contact us: librarian | system librarian | Rongo university